Estatísticas para Música

Clique aqui para jogar o quiz

Estatísticas Gerais

  • Esse quiz foi jogado 50 vezes
  • A pontuação média é 5 de 15

Estatísticas das Respostas

HintResposta% Correto
Bohemian RhapsodyQueen
86%
When We Were YoungAdele
81%
FireworkKaty Perry
81%
Like A VirginMadonna
67%
Dream OnAerosmith
37%
OneU2
21%
Need You NowLady Antebellum
19%
HelloLionel Richie
16%
PhysicalOlivia Newton-John
16%
BeautifulChristina Aguilera
14%
Don't Rain on My ParadeBarbra Streisand
12%
FaithfullyJourney
12%
SmileLily Allen
9%
My Life Would Suck Without YouKelly Clarkson
7%
Gives You HellThe All-American Rejects
2%

Distribuição das Pontuações

Percentil de Números Respondidos

Porcentagem de Pessoas com Cada Pontuação

Sua Pontuação Histórica

Você não jogou esse quiz